000 00326nam a2200133Ia 4500
008 240624s9999 xx 000 0 und d
041 _aeng
082 _a823 FRA
100 _aFRANCIS FELIX
245 _aGAMBLE A DICK FRANCIS NOVEL
260 _c2011
_aNew Delhi
_bPenguin
300 _a418 : p. : cm. ; 23
365 _cRS
_b25
999 _c19900
_d19900